Stade Brestois - Tous les joueurs (2010-2020) - Statistiques

Statistiques générales
  • Ce quiz a été pris 44 fois
  • Le résultat moyen est 23 sur 130
Statistiques - réponses
Saisons Nationalité Joueur Nb de matchs % Correct
2010-2018 France Bruno Grougi 240
81%
2012-2020 France Brendan Chardonnet 69
78%
2011-2013 Mauritanie Adama Ba 16
72%
2017-2020 France Gautier Larsonneur 100
66%
2017-2020 France Gaëtan Charbonnier 89
59%
2010-2012 France Nolan Roux 46
59%
2015-2017, 2018-2020 Italie Cristian Battocchio 92
53%
2010-2012 France Steeve Elana 75
53%
2015-2016 Côte d'Ivoire Eric Tié Bi 28
50%
2018-2020 Algérie Haris Belkebla 56
44%
2016-2020 France Julien Faussurier 81
41%
2010-2014 France Benoît Lesoimier 119
38%
2011-2013 Israël Eden Ben Basat 52
38%
2010-2013 Tchéquie Mario Licka 84
38%
2010-2012 Congo Oscar Ewolo 62
38%
2016-2018 Sénégal Habib Diallo 50
34%
2018-2020 France Hugo Magnetti 9
34%
2019-2020 France Ibrahima Diallo 19
34%
2017-2020 France Mathias Autret 93
34%
2016-2018 France Zakaria Diallo 37
34%
2018-2019 France Baba Traoré 3
31%
2015-2017, 2018-2020 France Donovan Léon 7
31%
2010-2011 France Fodié Traoré 4
31%
2012-2015 Côte d'Ivoire Ismaël Traoré 83
31%
2010-2012 France Romain Poyet 67
31%
2014-2015 Mali Birama Touré 22
28%
2012-2013, 2014-2017 France Joan Hartock 77
28%
2010-2013 Guinée Larsen Touré 52
28%
2019-2020 France Romain Perraud 20
28%
2014-2020 France Gaëtan Belaud 148
25%
2017-2019 France Jessy Pi 53
25%
2019-2020 France Paul Lasne 19
25%
2019-2020 France Samuel Grandsir 24
25%
2018-2020 France Yoann Court 46
25%
2010-2013 Maroc Ahmed Kantari 73
22%
2019-2020 Guinée-Bissau Alexandre Mendy 20
22%
2012-2015 France Alexis Thébaux 109
22%
2012-2014 France Bernard Mendy 38
22%
2017-2020 Cameroun Jean-Charles Castelletto 86
22%
2016-2017 France Neal Maupay 28
22%
2013-2015 France Nicolas Verdier 46
22%
2010-2012 Sénégal Omar Daf 44
22%
2011-2013 France Abdoul Sissoko 47
19%
2012-2016 France Alexandre Alphonse 87
19%
2016-2018 France Alexandre Coeff 55
19%
2010-2014 Algérie Brahim Ferradj 38
19%
2014-2017 Mali Chérif Doumbia 15
19%
2019-2020 France Dénys Bain 15
19%
2010-2013, 2015-2016 France Grégory Lorenzi 57
19%
2019-2020 France Hianga'a Mbock 2
19%
2015-2018 Mali Ibrahima Sissoko 27
19%
2011-2012 France Jonathan Zébina 28
19%
2019-2020 France Ludovic Baal 11
19%
2016-2019 France Quentin Bernard 79
19%
2010-2012 Tchéquie Tomas Micola 18
19%
2014-2017 France Bryan Pelé 73
16%
2012-2013 Curaçao Charlison Benschop 18
16%
2017-2019 France Edouard Butin 63
16%
2014-2015 France Gaëtan Laborde 26
16%
2012-2014 France Geoffrey Dernis 39
16%
2019-2020 France Irvin Cardona 21
16%
2011-2013 Colombie Jhon Culma 26
16%
2016-2018 France Johan Gastien 40
16%
2013-2017 France Manuel Perez 107
16%
2010-2013 France Paul Baysse 83
16%
2013-2016 Guinée Simon Falette 98
16%
2011-2015 France Tripy Makonda 47
16%
2010-2012 France Yoann Bigné 10
16%
2015-2016 France Youssef Adnane 27
16%
2012-2013 France Florian Raspentino 19
13%
2014-2015 France Gaëtan Courtet 17
13%
2011-2014 Togo Jonathan Ayité 47
13%
2012-2013 Maroc Kamel Chafni 31
13%
2010-2011 Gabon Moise Apanga 30
13%
2010-2013 Guinée Richard Soumah 25
13%
2011-2015 France Abel Khaled 37
9%
2017-2019 France Anthony Weber 70
9%
2014-2015 Maroc Chahir Belghazouani 25
9%
2017-2019 Bénin David Kiki 11
9%
2011-2015 France Johan Martial 64
9%
2013-2015 France Johann Ramaré 71
9%
2010-2014 Mali Ousmane Coulibaly 70
9%
2013-2015 France Wilfried Moimbé 56
9%
2014-2016 France Alexandre Cuvillier 32
6%
2018-2020 France Ferris N'Goma 36
6%
2010-2011 Grèce Filippos Darlas 2
6%
2012-2014 France Florian Julien 3
6%
2011-2012 Tunisie Issam Jemâa 10
6%
2017-2018 France Jason Berthomier 29
6%
2017-2019 France Lenny Pintor 6
6%
2012-2013 Sénégal Magaye Gueye 7
6%
2015-2016 Pays-Bas Melvin Platje 12
6%
2011-2012 Argentine Santiago Gentiletti 15
6%
2015-2017 France Steeven Joseph-Monrose 66
6%
2018-2019 France Thomas Ayasse 26
6%
2012-2014 France Timothée Dieng 6
6%
2015-2019 France Valentin Henry 39
6%
2015-2016 Côte d'Ivoire Ali Keïta 25
3%
2015-2016 Guinée Baïssama Sankoh 33
3%
2015-2016, 2018-2019 France Corentin Jacob 7
3%
2018-2019 France Derick Osei 3
3%
2011-2012, 2013-2014 Mauritanie Diallo Guidileye 32
3%
2013-2014 France Dominique Pandor 19
3%
2010-2011 France Granddi Ngoyi 25
3%
2015-2016 France Jason Ranneaud 4
3%
2017-2018 France Julien Fabri 2
3%
2015-2016 Congo Kévin Koubemba 18
3%
2017-2020 Gabon Kévin Mayi 41
3%
2011-2013 France Lionel Cappone 2
3%
2016-2017 France Louis Nganioni 20
3%
2016-2017 Brésil Luciano Castan 32
3%
2014-2016 Mali Mamadou Samassa 11
3%
2018-2019 France Pierre Magnon 6
3%
2015-2016 Espagne Robin Le Normand 1
3%
2014-2015 France Stéphane Tritz 13
3%
2010-2011 Cameroun Théophile N'Tamé 2
3%
2016-2017 France Valentin Lavigne 22
3%
2013-2014 France Victor Rousseau 1
3%
2014-2016 France William Sea 27
3%
2016-2018 France Zakarie Labidi 24
3%
2012-2014 France André Auras 10
0%
2010-2011 France Anthony Bova 2
0%
2015-2016 France Béni Nkololo 1
0%
2014-2015 Algérie Bilal Hamdi 6
0%
2014-2015 Congo Christopher Missilou 1
0%
2012-2014 France Florian Lejeune 21
0%
2015-2016 France Jean-Alain Fanchone 3
0%
2013-2014 France Jordan Lebacle 3
0%
2015-2016 France Maxime Brillault 6
0%
2015-2016 Sénégal Vieux Sané 16
0%
Aucun quiz correspondant
Distribution des résultats
% des personnes avec chaque résultat
Percentile par nombre de réponses
Votre historique - résultats
Vous n’avez pas pris ce quiz